000 01230nam a22003135b 4500
001 bimo0000421916
003 OSt
005 20140213213002.0
008 941107s1994 sp | ||| ||spa
017 _aB 26683-1994
_bOficina Depósito Legal Barcelona
020 _a84-210-0484-0
035 _a(OCoLC)733432705
040 _aSpMaBN
_bspa
_cBMC
_erdc
082 _a346.01
110 2 _913468
_aSociedad Internacional Tomás de Aquino
_bJornadas
_d1993
_cBarcelona
245 1 _aDignidad personal, comunidad humana y orden jurídico
_b: actas de las Jornadas de la Sociedad Internacional Tomas de Aquino (SITA)
_nVolumen I
_cedición a cargo de Eudaldo Forment, con la colaboración de Ignacio Guiu, Enrique Martínez y Francisca Tomar
250 _a1ª ed
260 0 _aBarcelona
_bBalmes
_c1994
300 _a477 p.
_c24 cm
490 _aCuadernos de Espíritu
_v4
594 _1En la cub.: Instituto Filosófico de Balmesiana
650 2 4 _975
_aDignidad de la persona
700 1 _aForment, Eudaldo
_91144
700 1 _aGuiu, Ignacio
_913488
700 1 _aMartínez Reguera, Enrique
_913618
700 1 _aTomar Romero, Francisca‏
_913620
710 2 _913467
_aInstituto Filosófico de Balmesiana
942 _2ddc
_cBK
999 _c6943
_d6943